|
|
|
|
| LEADER |
01237cam a2200277 7i4500 |
| 001 |
0000029688 |
| 005 |
20170620090000.0 |
| 008 |
090903 bm |
| 020 |
|
|
|a 9789831954645 (pbk.)
|
| 090 |
0 |
0 |
|a LB1028.3
|b .P46 2008
|
| 245 |
0 |
0 |
|a Pengintegrasian ICT dalam pendidikan :
|b penyelidikan, amalan dan aplikasi
|c editor : Norazah Mohd Nordin, Mohamed Amin Embi.
|
| 260 |
|
|
|a Shah Alam, Selangor:
|b Karisma Pub. Sdn. Bhd.,
|c 2008.
|
| 300 |
|
|
|a vii, 166 p.:
|b ill.;
|c 26 cm.
|
| 490 |
0 |
|
|a Siri penerbitan Fakulti Pendidikan
|
| 504 |
|
|
|a Includes bibliographical references
|
| 650 |
0 |
0 |
|a Computer-assisted instruction
|
| 650 |
0 |
0 |
|a Educational technology --
|x Study and teaching
|
| 650 |
0 |
0 |
|a Information technology --
|x Study and teaching
|
| 700 |
0 |
|
|a Norazah Mohd Nordin
|
| 700 |
0 |
|
|a Mohamed Amin Embi
|
| 997 |
|
|
|a Education & Social Sciences, Faculty
|b Education, Department
|
| 999 |
|
|
|a 0000034873
|b BOK
|c OPEN SHELF
|e 1st Floor, Bestari Jaya
|
| 999 |
|
|
|a 0000034874
|b BOK
|c OPEN SHELF
|e 1st Floor, Bestari Jaya
|
| 999 |
|
|
|a 0000034875
|b BOK
|c OPEN SHELF
|e 1st Floor, Bestari Jaya
|
| 999 |
|
|
|a 0000034876
|b BOK
|c OPEN SHELF
|e 1st Floor, Bestari Jaya
|
| 999 |
|
|
|a 0000034877
|b BOK
|c OPEN SHELF
|e 1st Floor, Bestari Jaya
|